|
|
|
|
| LEADER |
00636naa a2200169 i 4500 |
| 001 |
misc29367 |
| 005 |
20200430141824.0 |
| 008 |
180131s1978 hu o 0|| zxx d |
| 040 |
|
|
|a SZTE Miscellanea Repozitórium
|b hun
|
| 041 |
|
|
|a zxx
|
| 100 |
1 |
|
|a Vásárhelyi Judit
|
| 245 |
1 |
2 |
|a A humanista Szenci Molnár Albert
|h [elektronikus dokumentum] /
|c Vásárhelyi Judit
|
| 260 |
|
|
|c 1978
|
| 300 |
|
|
|a 37-41
|
| 490 |
0 |
|
|a Adattár XVII. századi szellemi mozgalmaink történetéhez
|v 4
|
| 695 |
|
|
|a Művelődéstörténet - magyar - 17. sz., Szenczi Molnár Albert
|
| 856 |
4 |
0 |
|u http://misc.bibl.u-szeged.hu/29367/1/ad_004_037-041.pdf
|z Dokumentum-elérés
|